Name All Kanto, Johto, Hoenn Pokemon plus their evolutions! - Statistics

General Stats
  • This quiz has been taken 903 times
    364 since last reset
  • The average score is 239 of 426
Answer Stats
# Pokemon % Correct
001 Bulbasaur
95%
004 Charmander
95%
005 Charmeleon
92%
002 Ivysaur
92%
003 Venusaur
92%
006 Charizard
91%
007 Squirtle
90%
009 Blastoise
89%
010 Caterpie
89%
008 Wartortle
89%
013 Weedle
89%
012 Butterfree
88%
011 Metapod
88%
025 Pikachu
88%
015 Beedrill
87%
014 Kakuna
87%
018 Pidgeot
86%
017 Pidgeotto
86%
016 Pidgey
86%
026 Raichu
86%
019 Rattata
84%
023 Ekans
83%
020 Raticate
83%
024 Arbok
82%
133 Eevee
81%
022 Fearow
81%
151 Mew
81%
172 Pichu
81%
021 Spearow
81%
135 Jolteon
80%
136 Flareon
79%
150 Mewtwo
79%
149 Dragonite
78%
134 Vaporeon
78%
147 Dratini
77%
044 Gloom
77%
034 Nidoking
77%
031 Nidoqueen
77%
029 Nidoran (Female)
77%
032 Nidoran (Male)
77%
030 Nidorina
77%
043 Oddish
77%
144 Articuno
76%
148 Dragonair
76%
094 Gengar
76%
126 Magmar
76%
033 Nidorino
76%
045 Vileplume
76%
092 Gastly
75%
093 Haunter
75%
124 Jynx
75%
158 Totodile
75%
145 Zapdos
75%
152 Chikorita
74%
125 Electabuzz
74%
196 Espeon
74%
074 Geodude
74%
076 Golem
74%
075 Graveler
74%
027 Sandshrew
74%
153 Bayleef
73%
039 Jigglypuff
73%
146 Moltres
73%
028 Sandslash
73%
197 Umbreon
73%
037 Vulpix
73%
155 Cyndaquil
72%
154 Meganium
72%
041 Zubat
72%
063 Abra
71%
036 Clefable
71%
068 Machamp
71%
067 Machoke
71%
066 Machop
71%
240 Magby
71%
258 Mudkip
71%
038 Ninetales
71%
095 Onix
71%
061 Poliwhirl
71%
062 Poliwrath
71%
065 Alakazam
70%
035 Clefairy
70%
106 Hitmonlee
70%
116 Horsea
70%
064 Kadabra
70%
129 Magikarp
70%
060 Poliwag
70%
156 Quilava
70%
117 Seadra
70%
143 Snorlax
70%
069 Bellsprout
69%
257 Blaziken
69%
160 Feraligatr
69%
042 Golbat
69%
107 Hitmonchan
69%
052 Meowth
69%
255 Torchic
69%
252 Treecko
69%
157 Typhlosion
69%
100 Voltorb
69%
040 Wigglytuff
69%
113 Chansey
68%
173 Cleffa
68%
169 Crobat
68%
159 Croconaw
68%
050 Diglett
68%
051 Dugtrio
68%
101 Electrode
68%
239 Elekid
68%
130 Gyarados
68%
230 Kingdra
68%
122 Mr. Mime
68%
053 Persian
68%
212 Scizor
68%
123 Scyther
68%
208 Steelix
68%
048 Venonat
68%
071 Victreebel
68%
070 Weepinbell
68%
059 Arcanine
67%
253 Grovyle
67%
174 Igglybuff
67%
131 Lapras
67%
259 Marshtomp
67%
186 Politoed
67%
077 Ponyta
67%
254 Sceptile
67%
080 Slowbro
67%
079 Slowpoke
67%
260 Swampert
67%
049 Venomoth
67%
182 Bellossom
66%
256 Combusken
66%
118 Goldeen
66%
250 Ho-Oh
66%
082 Magneton
66%
078 Rapidash
66%
238 Smoochum
66%
128 Tauros
66%
142 Aerodactyl
65%
132 Ditto
65%
058 Growlithe
65%
470 Leafeon
65%
081 Magnemite
65%
056 Mankey
65%
057 Primeape
65%
119 Seaking
65%
120 Staryu
65%
242 Blissey
64%
083 Farfetch'd
64%
088 Grimer
64%
109 Koffing
64%
089 Muk
64%
086 Seel
64%
199 Slowking
64%
248 Tyranitar
64%
110 Weezing
64%
471 Glaceon
63%
140 Kabuto
63%
467 Magmortar
63%
112 Rhydon
63%
121 Starmie
63%
073 Tentacruel
63%
087 Dewgong
62%
237 Hitmontop
62%
141 Kabutops
62%
249 Lugia
62%
247 Pupitar
62%
111 Rhyhorn
62%
072 Tentacool
62%
236 Tyrogue
62%
251 Celebi
61%
091 Cloyster
61%
163 Hoothoot
61%
115 Kangaskhan
61%
246 Larvitar
61%
139 Omastar
61%
137 Porygon
61%
085 Dodrio
60%
084 Doduo
60%
244 Entei
60%
098 Krabby
60%
138 Omanyte
60%
127 Pinsir
60%
245 Suicune
60%
114 Tangela
60%
096 Drowzee
59%
466 Electivire
59%
383 Groudon
59%
097 Hypno
59%
099 Kingler
59%
262 Mightyena
59%
446 Munchlax
59%
164 Noctowl
59%
046 Paras
59%
047 Parasect
59%
261 Poochyena
59%
233 Porygon2
59%
243 Raikou
59%
090 Shellder
59%
700 Sylveon
59%
104 Cubone
58%
439 Mime Jr.
58%
161 Sentret
58%
162 Furret
57%
382 Kyogre
57%
264 Linoone
57%
462 Magnezone
57%
105 Marowak
57%
384 Rayquaza
57%
263 Zigzagoon
57%
268 Cascoon
56%
055 Golduck
56%
054 Psyduck
56%
464 Rhyperior
56%
440 Happiny
55%
385 Jirachi
55%
179 Mareep
55%
266 Silcoon
55%
267 Beautifly
54%
374 Beldum
54%
181 Ampharos
53%
386 Deoxys
53%
380 Latias
53%
381 Latios
53%
376 Metagross
53%
375 Metang
53%
241 Miltank
53%
277 Swellow
53%
265 Wurmple
53%
269 Dustox
52%
474 Porygon-Z
52%
276 Taillow
52%
102 Exeggcute
51%
103 Exeggutor
51%
214 Heracross
51%
108 Lickitung
51%
198 Murkrow
51%
465 Tangrowth
51%
371 Bagon
50%
282 Gardevoir
50%
281 Kirlia
50%
280 Ralts
50%
378 Regice
50%
377 Regirock
50%
379 Registeel
50%
373 Salamence
50%
372 Shelgon
50%
180 Flaaffy
49%
227 Skarmory
49%
218 Slugma
49%
185 Sudowoodo
49%
172 Togepi
49%
278 Wingull
49%
219 Magcargo
48%
183 Marill
48%
200 Misdreavus
48%
865 Sirfetch'd
48%
184 Azumarill
47%
463 Lickilicky
47%
279 Pelipper
47%
324 Torkoal
47%
168 Ariados
46%
170 Chinchou
46%
225 Delibird
46%
330 Flygon
46%
166 Ledian
46%
165 Ledyba
46%
289 Slaking
46%
287 Slakoth
46%
215 Sneasel
46%
173 Togetic
46%
328 Trapinch
46%
194 Wooper
46%
193 Yanma
46%
295 Exploud
45%
429 Honchkrow
45%
171 Lanturn
45%
294 Loudred
45%
430 Mismagius
45%
866 Mr. Rime
45%
195 Quagsire
45%
167 Spinarak
45%
468 Togekiss
45%
329 Vibrava
45%
288 Vigoroth
45%
320 Wailmer
45%
293 Whismur
45%
298 Azurill
44%
271 Lombre
44%
270 Lotad
44%
272 Ludicolo
44%
226 Mantine
44%
177 Natu
44%
862 Obstagoon
44%
220 Swinub
44%
201 Unown
44%
321 Wailord
44%
202 Wobbuffet
44%
469 Yanmega
44%
323 Camerupt
43%
206 Dunsparce
43%
229 Houndoom
43%
305 Lairon
43%
221 Piloswine
43%
178 Xatu
43%
306 Aggron
42%
304 Aron
42%
354 Banette
42%
366 Clamperl
42%
475 Gallade
42%
228 Houndour
42%
367 Huntail
42%
352 Kecleon
42%
345 Lileep
42%
291 Ninjask
42%
322 Numel
42%
274 Nuzleaf
42%
273 Seedot
42%
336 Seviper
42%
275 Shiftry
42%
235 Smeargle
42%
438 Bonsly
41%
222 Corsola
41%
356 Dusclops
41%
355 Duskull
41%
349 Feebas
41%
362 Glalie
41%
207 Gligar
41%
368 Gorebyss
41%
187 Hoppip
41%
189 Jumpluff
41%
458 Mantyke
41%
350 Milotic
41%
290 Nincada
41%
224 Octillery
41%
223 Remoraid
41%
315 Roselia
41%
364 Sealeo
41%
319 Sharpedo
41%
292 Shedinja
41%
353 Shuppet
41%
188 Skiploom
41%
361 Snorunt
41%
363 Spheal
41%
234 Stantler
41%
216 Teddiursa
41%
217 Ursaring
41%
365 Walrein
41%
461 Weavile
41%
347 Anorith
40%
341 Corphish
40%
346 Cradily
40%
342 Crawdaunt
40%
477 Dusknoir
40%
203 Girafarig
40%
900 Kleavor
40%
312 Minun
40%
311 Plusle
40%
407 Roserade
40%
213 Shuckle
40%
300 Skitty
40%
357 Tropius
40%
334 Altaria
39%
348 Armaldo
39%
331 Cacnea
39%
332 Cacturne
39%
232 Donphan
39%
297 Hariyama
39%
296 Makuhita
39%
473 Mamoswine
39%
299 Nosepass
39%
302 Sableye
39%
360 Wynaut
39%
190 Aipom
38%
351 Castform
38%
370 Luvdisc
38%
303 Mawile
38%
231 Phanpy
38%
211 Qwilfish
38%
369 Relicanth
38%
333 Swablu
38%
406 Budew
37%
318 Carvanha
37%
301 Delcatty
37%
478 Froslass
37%
472 Gliscor
37%
863 Perrserker
37%
327 Spinda
37%
335 Zangoose
37%
359 Absol
36%
205 Forretress
36%
284 Masquerain
36%
283 Surskit
36%
210 Granbull
35%
310 Manectric
35%
204 Pineco
35%
285 Shroomish
35%
209 Snubbull
35%
192 Sunflora
35%
191 Sunkern
35%
424 Ambipom
34%
286 Breloom
34%
337 Lunatone
34%
307 Meditite
34%
358 Chimecho
33%
309 Electrike
33%
308 Medicham
33%
903 Sneasler
33%
901 Ursaluna
33%
864 Cursola
32%
476 Probopass
32%
338 Solrock
32%
313 Volbeat
32%
339 Barboach
31%
314 Illumise
31%
325 Spoink
30%
340 Whiscash
30%
899 Wyrdeer
30%
343 Baltoy
29%
433 Chingling
29%
344 Claydol
29%
326 Grumpig
29%
316 Gulpin
29%
317 Swalot
29%
904 Overqwil
27%
No matching quizzes found
Score Distribution
Percent of People with Each Score
Percentile by Number Answered
Your Score History
You have not taken this quiz since the last reset